Statistics for All Major Minecraft Update Names

Click here to take the quiz!

General Stats

  • This quiz has been taken 10 times
    (9 since last reset)
  • The average score is 11 of 18

Answer Stats

HintAnswer% Correct
1.16Nether Update
100%
1.14Village & Pillage
88%
1.5Redstone Update
75%
1.9The Combat Update
75%
1.8Bountiful Update
63%
1.15Buzzy Bees
63%
1.17Caves & Cliffs: Part I
63%
1.18Caves & Cliffs: Part II
63%
1.11Exploration Update
63%
1.6Horse Update
63%
1.13Update Aquatic
63%
1.12World of Color Update
63%
1.10Frostburn Update
50%
1.4Pretty Scary Update
50%
1.19The Wild Update
50%
1.20Trails and Tales
50%
1.7Update that Changed the World
38%
1.0Adventure Update 2
25%

Score Distribution

Percentile by Number Answered

Percent of People with Each Score

Your Score History

You have not taken this quiz since the last reset